000 01185cam a2200277Ia 4500
001 somethingtosomeo00java
003 CaSfIA
005 20210119083246.0
007 cr||||
008 860310s1984 flua 000 0 eng d
040 _aISO
_cISO
_dBUF
_dOCLCG
_dCaSfIA
020 _a0935906037 :
_c$4.95
020 _a9780935906035
035 _a(OCoLC)13274610
050 4 _aPS3560.A92
_bS6 1984x
082 0 4 _a811.54
_bJ328s
100 0 _aJavan,
_d1946-
245 1 0 _aSomething to someone /
_h[electronic resource]
_cJavan.
260 _aDaytona Beach, Fla. :
_bJavan,
_c1984.
300 _a[60] p. :
_bill. ;
_c21 cm.
856 4 1 _uhttp://www.archive.org/details/somethingtosomeo00java
_zFree eBook from the Internet Archive
856 4 2 _uhttp://www.openlibrary.org/books/OL8412375M
_zAdditional information and access via Open Library
942 _cEB
506 _fНеобхідна авторизація на https://archive.org/ (створення облікового запису безкоштовно)
506 _fНеобхідна авторизація на https://openlibrary.org/ (створення облікового запису безкоштовно)
999 _c550491
_d550491